[Event "Leiden SB-ch"]
[Site "Leiden"]
[Date "2013.05.21"]
[Round "1"]
[White "Coene, Igor"]
[Black "Lauer, Albert"]
[Result "1-0"]
[WhiteElo "2180"]
[BlackElo "1886"]
[PlyCount "28"]
[EventDate "2013.05.21"]
[EventType "swiss"]
[EventRounds "7"]
[EventCountry "NED"]
[SourceTitle "EXT 2014"]
[Source "ChessBase"]
[SourceDate "2013.11.20"]
[SourceVersion "1"]
[SourceVersionDate "2013.11.20"]
[SourceQuality "1"]

1. d4 Nf6 2. Nf3 e6 3. c4 b6 4. g3 Bb7 5. Bg2 Ne4 6. 0-0 f5 7. d5 Qf6 8. Nc3 Nxc3 9. bxc3 Qxc3 10. Bg5 exd5 11. Nd4 Bc5 12. Nb5 Bxf2+ 13. Rxf2 Qxc4 14. Qd3 0-0 1-0

[Event "Leiden SB-ch"]
[Site "Leiden"]
[Date "2011.06.07"]
[Round "4"]
[White "Lauer, Albert"]
[Black "Bakker, Joop"]
[Result "1-0"]
[WhiteElo "1827"]
[BlackElo "1816"]
[PlyCount "97"]
[EventDate "2011.05.17"]
[EventType "swiss"]
[EventRounds "7"]
[EventCountry "NED"]
[SourceTitle "EXT 2012"]
[Source "ChessBase"]
[SourceDate "2011.11.24"]
[SourceVersion "1"]
[SourceVersionDate "2011.11.24"]
[SourceQuality "1"]

1. d4 e6 2. c4 f5 3. Nf3 Nf6 4. Bg5 d5 5. e3 c6 6. Nbd2 Be7 7. Qc2 0-0 8. 0-0-0 Ne4 9. Bxe7 Qxe7 10. Nxe4 fxe4 11. Ne5 Nd7 12. f4 Nxe5 13. dxe5 Bd7 14. g4 b5 15. cxd5 cxd5 16. Kb1 b4 17. Ba6 Rab8 18. Qe2 b3 19. a3 Bc8 20. Rc1 Bxa6 21. Qxa6 Rb6 22. Qa4 Qb7 23. Rc3 Rb8 24. Rhc1 Ra6 25. Qd4 Qb6 26. Rc8+ Rxc8 27. Rxc8+ Kf7 28. Qxb6 Rxb6 29. Rc7+ Kg6 30. Rxa7 d4 31. Ra4 dxe3 32. Rxe4 Rc6 33. Rxe3 h5 34. gxh5+ Kf5 35. Rxb3 Kxf4 36. Rb7 Kxe5 37. Rxg7 Kf6 38. h6 Rc5 39. Rd7 Rh5 40. h7 Rxh2 41. a4 e5 42. a5 e4 43. a6 e3 44. Kc1 Rh1+ 45. Rd1 Rxh7 46. b4 Rh4 47. a7 Rc4+ 48. Kb2 Rxb4+ 49. Ka3 1-0

[Event "Leiden SB-ch"]
[Site "Leiden"]
[Date "2010.06.22"]
[Round "6"]
[White "Lauer, Albert"]
[Black "Coene, Igor"]
[Result "0-1"]
[WhiteElo "1728"]
[BlackElo "2237"]
[PlyCount "60"]
[EventDate "2010.05.18"]
[EventType "swiss"]
[EventRounds "7"]
[EventCountry "NED"]
[SourceTitle "EXT 2012"]
[Source "ChessBase"]
[SourceDate "2011.11.24"]
[SourceVersion "1"]
[SourceVersionDate "2011.11.24"]
[SourceQuality "1"]

1. e4 c5 2. Nf3 d6 3. d4 cxd4 4. Nxd4 Nf6 5. f3 e5 6. Nb3 d5 7. exd5 Nxd5 8. Bb5+ Nc6 9. Qe2 Be7 10. c4 Ndb4 11. 0-0 0-0 12. Rd1 Nd4 13. Nxd4 exd4 14. a3 d3 15. Qf1 Nc2 16. Ra2 a6 17. Ba4 b5 18. b4 bxa4 19. Rxd3 Qc7 20. Rxc2 Bf5 21. Rdc3 Bf6 22. Nd2 a5 23. c5 axb4 24. axb4 a3 25. Nb3 a2 26. Bb2 Bxc2 27. Rxc2 Bxb2 28. Rxb2 Qe5 29. Qc1 Rfb8 30. Na1 Qd4+ 0-1